<?xml version="1.0" encoding="UTF-8"?><?xml-stylesheet type="text/xsl" href="static/style.xsl"?><OAI-PMH xmlns="http://www.openarchives.org/OAI/2.0/" xmlns:xsi="http://www.w3.org/2001/XMLSchema-instance" xsi:schemaLocation="http://www.openarchives.org/OAI/2.0/ http://www.openarchives.org/OAI/2.0/OAI-PMH.xsd"><responseDate>2026-06-05T17:45:19Z</responseDate><request verb="GetRecord" identifier="oai:riuma.uma.es:10630/31193" metadataPrefix="marc">https://riuma.uma.es/rest/oai/request</request><GetRecord><record><header><identifier>oai:riuma.uma.es:10630/31193</identifier><datestamp>2026-02-03T11:28:50Z</datestamp><setSpec>com_10630_2254</setSpec><setSpec>col_10630_37953</setSpec></header><metadata><record xmlns="http://www.loc.gov/MARC21/slim" xmlns:dcterms="http://purl.org/dc/terms/" xmlns:doc="http://www.lyncode.com/xoai" xmlns:xsi="http://www.w3.org/2001/XMLSchema-instance" xsi:schemaLocation="http://www.loc.gov/MARC21/slim http://www.loc.gov/standards/marcxml/schema/MARC21slim.xsd">
   <leader>00925njm 22002777a 4500</leader>
   <datafield ind2=" " ind1=" " tag="042">
      <subfield code="a">dc</subfield>
   </datafield>
   <datafield ind2=" " ind1=" " tag="720">
      <subfield code="a">Shavlakadze, Nugzar</subfield>
      <subfield code="e">author</subfield>
   </datafield>
   <datafield ind2=" " ind1=" " tag="720">
      <subfield code="a">Odishelidze, Nana</subfield>
      <subfield code="e">author</subfield>
   </datafield>
   <datafield ind2=" " ind1=" " tag="720">
      <subfield code="a">Criado-Aldeanueva, Francisco</subfield>
      <subfield code="e">author</subfield>
   </datafield>
   <datafield ind2=" " ind1=" " tag="260">
      <subfield code="c">2022-12-07</subfield>
   </datafield>
   <datafield ind2=" " ind1=" " tag="520">
      <subfield code="a">A piecewise-homogeneous elastic orthotropic plate, reinforced with a finite patch of the wedge-shaped, which meets the&#xd;
interface at a right angle and is loaded with tangential and normal forces is considered. Using methods of the theory of&#xd;
analytic functions, the problem is reduced to the system of singular integro-differential equations (SIDE) with fixed singularity.&#xd;
Under tension-compression of patch using an integral transformation a Riemann problem is obtained, the solution&#xd;
of which is presented in explicit form. The tangential contact stresses along the contact line are determined and their&#xd;
asymptotic behavior in the neighborhood of singular points is established.</subfield>
   </datafield>
   <datafield ind1="8" ind2=" " tag="024">
      <subfield code="a">Shavlakadze N, Odishelidze N, Criado-Aldeanueva F. The adhesive contact problem for a piecewise-homogeneous orthotropic plate with an elastic patch. Mathematics and Mechanics of Solids. 2023;28(8):1798-1808. doi:10.1177/10812865221138514</subfield>
   </datafield>
   <datafield ind1="8" ind2=" " tag="024">
      <subfield code="a">https://hdl.handle.net/10630/31193</subfield>
   </datafield>
   <datafield ind1="8" ind2=" " tag="024">
      <subfield code="a">10.1177/10812865221138514</subfield>
   </datafield>
   <datafield tag="653" ind2=" " ind1=" ">
      <subfield code="a">Física matemática</subfield>
   </datafield>
   <datafield tag="653" ind2=" " ind1=" ">
      <subfield code="a">Problemas de contorno</subfield>
   </datafield>
   <datafield ind2="0" ind1="0" tag="245">
      <subfield code="a">The adhesive contact problem for a piecewise-homogeneous orthotropic plate with an elastic patch.</subfield>
   </datafield>
</record>
</metadata></record></GetRecord></OAI-PMH>